000 00679nam a2200253Ia 4500
003 OSt
005 20220912151739.0
006 a|||||r|||| 00| 0
007 ta
008 220909b |||||||| |||| 00| 0 eng d
024 _a30215
037 _cTextual
040 _aCSL
_beng
_cCSL
041 _aeng
082 _aB33p1,N71, L3
100 _aKopacek J
245 0 _aSummary school on the theory of nonlinear operators
260 _aNew York
_b Academic Press
_c1973
300 _a207p.
_ccm.
650 _aDifferential equations
700 _a Kufner A
942 _hB33p1,N71, L3
_cTEXL
_2CC
999 _c74531
_d74531